Responses for Show #7136 - Monday, September 28, 2015

Matt Jackson game 2.

Contestants

[<< previous game]

Vicki Eastus, a law school professor and administrator from Brooklyn, New York

Jedidiah Smith, a technical writer from Denver, Colorado

Matt Jackson, a paralegal from Washington, D.C. (whose 1-day cash winnings total $21,200)

[next game >>]

Jeopardy! Round responses

COMPUTER HISTORY
THE BRADY BUNCH
CRIME OF THE DECADE
PLAYING POLITICS
FROM PAGE TO MUSICAL
"O-M-G"!
(Alex: Not, "Oh, my God." Each correct response will begin with an "O", and it will be followed at some point by an "M" and a "G" in that order.)
    $200 26
(Alex: [*] is right with less than a minute to go.)

Watson

Matt
    $200 4
Wayne Brady

Matt
    $200 21
the 1910s

Vicki
    $200 16
(Jedidiah: What is Tennessee?)

Kentucky

MattJedidiah
    $200 10
The Wiz

Matt
    $200 2
oncoming

Matt
    $400 30
floppy disk

Matt
    $400 5
Betsy Ross

Vicki
    $400 22
the 1930s

Matt
    $400 17
The Love Boat

Vicki
    $400 11
The Adventures of Huckleberry Finn

Matt
    $400 12
oil embargo

Vicki
    $600 29
transistors

Matt
    $600 1
Secretary of the Treasury

Vicki
    $600 23
the 1860s

Matt
    $600 18
the Oval Office

Triple Stumper
    $1,400 7
Guys and Dolls

Matt
    $600 13
Olympic games

Vicki
    $800 28
Radio Shack

Matt
    $800 3
Sarah Brady

Vicki
    $800 24
the 1920s

Matt
    $800 19
Ted Kennedy

Vicki
    $800 8
Cabaret

Matt
    $800 14
ophthalmology

Matt
    $1000 27
(Jedidiah: What is COBOL?)

BASIC

MattJedidiah
    $1000 6
Diamond Jim Brady

Matt
    $1000 25
the 1980s

Vicki
    $1000 20
Staten Island

Vicki
    $1000 9
Camelot

Vicki
    $1000 15
oleomargarine

Vicki

Scores at the first commercial break (after clue 15):

Matt Jedidiah Vicki
$5,000 $0 $4,800

Scores at the end of the Jeopardy! Round:

Matt Jedidiah Vicki
$10,000 -$1,200 $8,200

Double Jeopardy! Round responses

BOTANISTS
A "COOL" CATEGORY
QEII IS THEIR QUEEN TOO
DOUBLE THAT LETTER!
(Alex: In the next category, each response consists of two words. It's called [*] The words are exactly the same, except there is one letter that's double.)
ODE ON A
GRECIAN EARN
    $400 20
a root

Matt
    $400 6
(Matt: What is L.L. Cool J?)

Coolio

Matt
Triple Stumper
    $400 17
Canada

Matt
    $400 1
Chanel & channel

Matt
    $400 8
the Confederacy

Vicki
    $400 30
Aristotle (Socrates) Onassis

Matt
    $800 21
Mendel

Matt
    $800 7
Cool Hand Luke

Vicki
    $800 18
Grenada

Matt
    $800 2
waded & wadded

Vicki
    $800 9
Tennyson

Matt
    $800 29
Arianna Huffington

Vicki
    $1200 22
Michigan State

Matt
    $1200 13
Cool Whip

Matt
    $1200 16
New Zealand & Australia

Vicki
    $1200 3
pep & peep

Vicki
    $1200 10
"Ode To Joy"

Vicki
    $1200 28
van Gogh

Matt
    $1600 23
Luther Burbank

Matt
    $1600 14
Jennifer Coolidge

Jedidiah
    $1600 19
Antigua

Jedidiah
    $1600 4
home & homme

Vicki
    $1600 11
Neruda

Matt
    $1600 27
a soccer team

Matt
    $3,000 24
(Alex: You are on a roll. Keep it going.)

Linnaeus

Matt
    $2000 15
(Jedidiah: What is Kind of Blue?)

Birth of the Cool

MattJedidiah
    $2000 25
Jamaica

Matt
    $2000 5
(Vicki: [*].)
...
(Alex: Vicki forgot to phrase it as a question, and in Double Jeopardy! it costs.)

waged & wagged

JedidiahVicki
    $6,000 12
Psyche

Matt
    $2000 26
(Alex: Less than a minute to go, Matt.)

Nana Mouskouri

Triple Stumper

Scores at the end of the Double Jeopardy! Round:

Matt Jedidiah Vicki
$35,000 $2,000 $14,200
(lock game)

[wagering suggestions for these scores]

Final Jeopardy! Round responses

ROCK & ROLL
(Alex: The song was called "The Weight". The first line was, [sings] "Pulled in to Nazareth...")
JedidiahWhat is The Band
$928
VickiWhat is Rolling Ston
$10,000
MattWhat is Janis Joplin Band?
$5,000
The Band

Final scores:

Matt Jedidiah Vicki
$30,000 $2,928 $4,200
2-day champion: $51,200 3rd place: $1,000 2nd place: $2,000

Game dynamics:

Coryat scores:

Matt Jedidiah Vicki
$29,200 $2,000 $14,200
34 R
(including 3 DDs),
1 W
3 R,
3 W
20 R,
1 W

Combined Coryat: $45,400

[game clues] [game scores] [suggest correction]

Game tape date: 2015-09-01
The J! Archive is created by fans, for fans. Scraping, republication, monetization, and malicious use prohibited; this site may use cookies and collect identifying information. See terms. The Jeopardy! game show and all elements thereof, including but not limited to copyright and trademark thereto, are the property of Jeopardy Productions, Inc. and are protected under law. This website is not affiliated with, sponsored by, or operated by Jeopardy Productions, Inc. Join the discussion at JBoard.tv.